Представление документа в формате RUSMARC

ПолеНазваниеЗначение
  Тип записи c
  Библиографический уровень m
001 Контрольный номер RU/УОНБ/EK_N/454340851
005 Дата корректировки 20240131003751.8
010 Индекс ISBN __
9 Тираж 15000 экз.
013 Номер (ISMN) __
d Цена 53 к.
100 Данные общей обработки __
a Данные общей обработки 20140525d1960 u y0rusy0189||||ca
101 Язык документа 0_
a Язык текста rus
f Язык титульного листа aze
f Язык титульного листа rus
102 Страна публикации __
a Страна публикации AZ
105 Кодированные данные (монография) __
a Кодированные данные (монография) y###||||000|y
125 Кодированные данные звукозаписи и нотных изданий __
a Форма изложения нотного текста с|
128 Кодированные данные (звукозаписи-физические характеристики) __
a Кодированные данные: Музыкальная форма и тональность или лад st
c Инструменты или голоса, рекомендуемые для солистов (устаревшее) ka||
200 Заглавие и сведения об ответственности 1_
a Заглавие 28 избранных этюдов
b Общее обозначение материала [Ноты]
d Параллельное заглавие 28 сечилмиш eтyд
e Сведения, относящиеся к заглавию соч. 29 и 32
e Сведения, относящиеся к заглавию для фп.
f Первые сведения об ответственности А. Бертини
210 Выходные данные 1_
a Место издания Баку
c Издательство Госмузиздат
d Дата издания 1960
215 Физическое описание __
a Объем 38 c.
d Формат 29 см
300 Общие примечания __
a Общие примечания Изд. на рус. и азерб. яз.
500 Унифицированное заглавие 10
a Унифицированное заглавие Этюды
606 Тематические рубрики 0_
a Основная рубрика Фортепиано
x Основная подрубрика Этюды
610 Ключевые слова 0_
a Ключевые слова фортепиано
610 Ключевые слова 0_
a Ключевые слова этюды
686 Индексы других классификаций __
a Классификационный индекс 85.954.294(3)
2 Код системы rubbk
700 Автор _1
a Фамилия Бертини
b Имя (инициалы) А.
g Полное личное имя Анри
f Даты 1798-1876
801 Источник записи _0
a Страна RU
b Организация Ульяновская ОНБ
c Дата составления 20140525
g Правила каталогизации RCR
801 Источник записи _1
a Страна RU
b Организация Ульяновская ОНБ
c Дата составления 20140525
g Правила каталогизации RCR
901 Тип документа __
t Тип документа m
909 Создатель записи __
a Создатель записи Сергеева Н. С.
938 Служебная информация __
a Имя БД noti
b Имя библиотеки УОНБ
c Имя АИБС МАРК-SQL
d Номер DOC_ID в БД 12213